|
|
|
|
| LEADER |
00000nab a2200000 a 4500 |
| 001 |
vtls000693048 |
| 003 |
SK-MaSNL |
| 005 |
20260302180353.0 |
| 008 |
140619c1999 xo 0 slo |
| 015 |
|
|
|a SNBRB1999/05-12442
|
| 035 |
|
|
|a CLN000045215
|
| 040 |
|
|
|a SNKBUCL
|b slo
|c SNKBUCL
|e AACR2
|
| 041 |
0 |
|
|a slo
|
| 044 |
|
|
|a xo
|c SK
|
| 080 |
|
|
|a 791.43(73)
|2 1997
|
| 100 |
1 |
|
|a Klasová, Silvia,
|d 1975-
|4 aut
|9 115746
|
| 245 |
1 |
0 |
|a Dlhá červená čiara
|c Silvia Klasová
|
| 500 |
|
|
|a Réžia a scenár Terrence Malick
|
| 630 |
0 |
7 |
|a Tenká červená čiara (film)
|x recenzie
|2 snkbucl
|9 889325
|
| 655 |
|
7 |
|a články z novín a časopisov
|2 snkbucl
|9 267496
|
| 773 |
0 |
|
|t OS
|g Č. 5 (1999), s. 87
|x 1335-2296
|
| 850 |
|
|
|a Slovenská národná knižnica v Martine
|
| 852 |
|
|
|a SNK
|b KIS3GCP
|
| 958 |
|
|
|a US
|
| 992 |
|
|
|a RBX
|
| 999 |
|
|
|c 1410313
|d 1412243
|